000 00456nam a2200181Ia 4500
001 24424
005 20260414151042.0
008 260414t2023||||xx |||||||||||||| ||spa||
041 _aESP
082 _a345.7
_bL87
100 _aLópez Blanco, Adán,
_eAUT
245 0 _aEl proceso de ejecución :
_barantías y títulos valores
260 _c2023
300 _a415 páginas :
_c25 cm.
650 _aDER
654 _aCDE
942 _cLIB
_dJUS
_fJUS
_2ddc
_n
999 _c24424
_d24424